[Event "Kaupthing op-B 1st"]
[Site "Differdange"]
[Date "2007.07.09"]
[Round "4"]
[White "Berchem Lux, Stephane"]
[Black "Wolff, Chris"]
[Result "0-1"]
[WhiteElo "1200"]
[BlackElo "1200"]
[PlyCount "58"]
[EventDate "2007.07.08"]
[EventType "swiss"]
[EventRounds "9"]
[EventCountry "LUX"]
[SourceTitle "EXT 2008"]
[Source "ChessBase"]
[SourceDate "2007.11.25"]
[SourceVersion "1"]
[SourceVersionDate "2007.11.25"]
[SourceQuality "1"]

1. e4 e5 2. Nf3 Nc6 3. d4 Bb4+ 4. Bd2 exd4 5. Bxb4 Nxb4 6. Qxd4 Nxc2+ 7. Kd1 Nxd4 8. Nxd4 Nf6 9. Nc3 0-0 10. e5 Ng4 11. Bc4 Nxf2+ 12. Kc2 Nxh1 13. Rxh1 Qh4 14. Kd3 d6 15. exd6 cxd6 16. Ne4 Qg4 17. Nxd6 Qxg2 18. Re1 Bf5+ 19. N4xf5 Qf3+ 20. Re3 Qd1+ 21. Kc3 Rad8 22. Nxf7 Qd2+ 23. Kb3 Qd1+ 24. Kc3 Rxf7 25. Bxf7+ Kxf7 26. Ng3 Qd2+ 27. Kb3 Qxe3+ 28. Kc2 Rd2+ 29. Kc1 Qe1# 0-1

[Event "Kaupthing op-B 1st"]
[Site "Differdange"]
[Date "2007.07.08"]
[Round "2"]
[White "Berchem Lux, Stephane"]
[Black "Poscic, Mark"]
[Result "0-1"]
[WhiteElo "1200"]
[BlackElo "1592"]
[PlyCount "56"]
[EventDate "2007.07.08"]
[EventType "swiss"]
[EventRounds "9"]
[EventCountry "LUX"]
[SourceTitle "EXT 2008"]
[Source "ChessBase"]
[SourceDate "2007.11.25"]
[SourceVersion "1"]
[SourceVersionDate "2007.11.25"]
[SourceQuality "1"]

1. e4 d5 2. f3 dxe4 3. fxe4 Nf6 4. Nc3 Nc6 5. Bb5 Bg4 6. Nf3 Bd7 7. Nd5 Nxe4 8. d3 Nd6 9. Bf4 Nxb5 10. c4 Nd6 11. Ne5 Nxe5 12. Bxe5 e6 13. Bxd6 Bxd6 14. Qg4 0-0 15. 0-0 exd5 16. cxd5 Bxg4 17. Rae1 Bc5+ 18. Kh1 Qxd5 19. h3 Bxh3 20. Re2 Qxd3 21. Rfe1 Bf2 22. Rxf2 Rae8 23. Ref1 Re2 24. Kg1 Rxf2 25. Rxf2 Re8 26. gxh3 Qxh3 27. Rg2 Qxg2+ 28. Kxg2 Re2+ 0-1